[Event "ENCI Limburg-open A"]
[Site "Maastricht"]
[Date "2010.05.24"]
[Round "6"]
[White "Kuryliw, Ray"]
[Black "Kempen, Leon"]
[Result "0-1"]
[WhiteElo "2103"]
[BlackElo "2018"]
[PlyCount "108"]
[EventDate "2010.05.21"]
[EventType "swiss"]
[EventRounds "7"]
[EventCountry "NED"]
[Source "P.Boonen"]
[SourceDate "2010.10.01"]

1. e4 Nf6 2. Nc3 d6 3. g3 e5 4. Bg2 c6 5. Nge2 Be7 6. d3 O-O 7. O-O Nbd7 8. h3
b5 9. a3 Bb7 10. f4 a6 11. g4 exf4 12. Bxf4 Ne5 13. Ng3 Ng6 14. Be3 Nh4 15. Bh1
Nd7 16. Nf5 Nxf5 17. exf5 Re8 18. Qd2 d5 19. d4 h6 20. Rae1 Bf6 21. Nd1 Nb6 22.
b3 Nc8 23. Bf4 Bh4 24. Nf2 Nd6 25. Rxe8+ Nxe8 26. Re1 Be7 27. b4 Nd6 28. Nd3
Nc4 29. Qc1 Bf6 30. Be5 Bg5 31. Bf4 Bh4 32. Re2 a5 33. Ne5 axb4 34. Nxc4 bxc4
35. axb4 Ra2 36. Qe3 Kh7 37. c3 Ra1+ 38. Kh2 Rd1 39. Bg2 Rd3 40. Qc1 Bg5 41.
Bxg5 hxg5 42. Re3 Qd6+ 43. Re5 f6 44. Qe1 Qc7 45. h4 gxh4 46. g5 fxe5 47. dxe5
Kg8 48. Kh1 h3 49. Bf1 Rf3 50. f6 Bc8 51. e6 Rxf1+ 52. Qxf1 Bxe6 53. g6 Qg3 54.
f7+ Kf8 0-1

[Event "ENCI Limburg-open A"]
[Site "Maastricht"]
[Date "2010.05.24"]
[Round "6"]
[White "Laarhoven, Thijs"]
[Black "Coenen, Eduard"]
[Result "0-1"]
[WhiteElo "2226"]
[BlackElo "2140"]
[PlyCount "68"]
[EventDate "2010.05.21"]
[EventType "swiss"]
[EventRounds "7"]
[EventCountry "NED"]
[Source "P.Boonen"]
[SourceDate "2010.10.01"]

1. e4 g6 2. d4 Bg7 3. Nc3 c6 4. Be3 d5 5. f3 e6 6. Qd2 a5 7. O-O-O h5 8. Re1 b5
9. Bg5 f6 10. Bf4 Kf7 11. h4 a4 12. Kb1 b4 13. Nd1 Qb6 14. g4 b3 15. cxb3 axb3
16. a3 dxe4 17. gxh5 Rxh5 18. fxe4 Ba6 19. Bg2 Ra5 20. h5 gxh5 21. e5 Qb5 22.
Nf2 Nd7 23. Rxh5 Ne7 24. Rh3 Nd5 25. Ne4 Bf8 26. Rh7+ Ke8 27. Bf1 Qa4 28. Nd6+
Bxd6 29. exd6 Bxf1 30. Rxf1 Qc4 31. Rc1 Qb5 32. Bh2 Nb4 33. Rd1 Qf5+ 34. Ka1
Nc2+ 0-1

[Event "ENCI Limburg-open A"]
[Site "Maastricht"]
[Date "2010.05.24"]
[Round "6"]
[White "Larmuseau, Maarten"]
[Black "Admiraal, Miguoel"]
[Result "1/2-1/2"]
[WhiteElo "2267"]
[BlackElo "2202"]
[PlyCount "98"]
[EventDate "2010.05.21"]
[EventType "swiss"]
[EventRounds "7"]
[EventCountry "NED"]
[Source "P.Boonen"]
[SourceDate "2010.10.01"]

1. e4 d6 2. Nc3 g6 3. f4 Bg7 4. Nf3 Nf6 5. Bc4 O-O 6. d3 c6 7. Bb3 a5 8. a4 Na6
9. d4 c5 10. Be3 Ng4 11. Bg1 cxd4 12. Bxd4 e5 13. fxe5 dxe5 14. Bg1 Be6 15.
Qxd8 Raxd8 16. Bb6 Rc8 17. Bxa5 Bxb3 18. cxb3 Nc5 19. Bb6 Nxb3 20. Rd1 Rc4 21.
Nd2 Nxd2 22. Rxd2 f5 23. O-O fxe4 24. Rxf8+ Bxf8 25. Rd8 Kf7 26. Rd7+ Ke6 27.
Rxb7 e3 28. Kf1 Rf4+ 29. Ke1 Rf2 30. Bxe3 Rxg2 31. Nd1 Rxh2 32. a5 Rh1+ 33. Ke2
Nxe3 34. Nxe3 Ra1 35. Rb6+ Kd7 36. Nc4 Bc5 37. Nxe5+ Ke7 38. Rb5 Bd6 39. Nc4
Bc7 40. b4 h5 41. Rc5 Bd6 42. Nxd6 Kxd6 43. Rg5 h4 44. Rxg6+ Kd5 45. Kf2 h3 46.
Rh6 Kc4 47. Rh4+ Kb5 48. Kg3 Ra3+ 49. Kh2 Rc3 1/2-1/2

[Event "ENCI Limburg-open A"]
[Site "Maastricht"]
[Date "2010.05.24"]
[Round "6"]
[White "Mengerink, Ynze"]
[Black "Rendboe, John"]
[Result "0-1"]
[WhiteElo "2093"]
[BlackElo "2274"]
[PlyCount "60"]
[EventDate "2010.05.21"]
[EventType "swiss"]
[EventRounds "7"]
[EventCountry "NED"]
[Source "P.Boonen"]
[SourceDate "2010.10.01"]

1. e4 c5 2. Nc3 Nc6 3. Bb5 Nd4 4. Bc4 e6 5. Nge2 Nf6 6. O-O a6 7. a3 Nxe4 8.
Nxe4 d5 9. Nxd4 cxd4 10. d3 dxc4 11. dxc4 Be7 12. Qg4 g6 13. Qg3 f6 14. b3 O-O
15. f4 b5 16. cxb5 Qd5 17. Nd2 axb5 18. Qf3 Bb7 19. Qxd5 Bxd5 20. Bb2 Rfc8 21.
Nf3 Rxc2 22. Bxd4 Bxb3 23. Rfe1 Bd5 24. Re3 Ra4 25. Rd1 Rcc4 26. Bb6 Rxa3 27.
Rxa3 Bxa3 28. Nd4 b4 29. Kf2 b3 30. Nxb3 Rb4 0-1

[Event "ENCI Limburg-open A"]
[Site "Maastricht"]
[Date "2010.05.24"]
[Round "6"]
[White "Miroshnichenko, Evgenij"]
[Black "Dambacher, Martijn"]
[Result "1-0"]
[WhiteElo "2684"]
[BlackElo "2486"]
[PlyCount "45"]
[EventDate "2010.05.21"]
[EventType "swiss"]
[EventRounds "7"]
[EventCountry "NED"]
[Source "P.Boonen"]
[SourceDate "2010.10.01"]

1. Nf3 Nf6 2. c4 e6 3. g3 d5 4. Bg2 Be7 5. O-O O-O 6. d4 dxc4 7. Qc2 a6 8. a4
Bd7 9. Rd1 Bc6 10. Nc3 Bb4 11. Bg5 Nbd7 12. e4 Bxc3 13. d5 exd5 14. exd5 Bxa4
15. Rxa4 Be5 16. Rxc4 Bd6 17. Bh3 Ne5 18. Nxe5 Bxe5 19. d6 Bxd6 20. Rf4 Re8 21.
Bxf6 gxf6 22. Rg4+ Kf8 23. Qxh7 1-0

[Event "ENCI Limburg-open A"]
[Site "Maastricht"]
[Date "2010.05.24"]
[Round "6"]
[White "Nijboer, Friso"]
[Black "Van Eijk, Sander"]
[Result "1-0"]
[WhiteElo "2567"]
[BlackElo "2353"]
[PlyCount "119"]
[EventDate "2010.05.21"]
[EventType "swiss"]
[EventRounds "7"]
[EventCountry "NED"]
[Source "P.Boonen"]
[SourceDate "2010.10.01"]

1. e4 c5 2. Nf3 a6 3. c3 d5 4. exd5 Nf6 5. d4 cxd4 6. cxd4 Nxd5 7. Nc3 Nc6 8.
Bd3 Bg4 9. O-O e6 10. Be4 Nf6 11. Bxc6+ bxc6 12. h3 Bxf3 13. Qxf3 Rc8 14. Rd1
Be7 15. Bf4 O-O 16. Rac1 Qa5 17. Be5 Rfd8 18. b3 Nd7 19. Bf4 Qf5 20. Ne2 Qd5
21. Qg3 Nf6 22. Be5 Nh5 23. Qd3 Qb5 24. Qf3 Nf6 25. Nc3 Qa5 26. Na4 Nd7 27. Bf4
Qf5 28. Rc4 g5 29. Bd2 Qxf3 30. gxf3 e5 31. Ba5 Re8 32. d5 cxd5 33. Rxd5 Nf8
34. Rxe5 Ng6 35. Ree4 Bd6 36. Nb6 Rb8 37. Nd7 Rxe4 38. fxe4 Ra8 39. Bc3 Rd8 40.
Nf6+ Kg7 41. Ng4+ Kf8 42. Bf6 Be7 43. Bxe7+ Kxe7 44. Rc7+ Ke6 45. Rc6+ Rd6 46.
Rxd6+ Kxd6 47. Kh2 Kc5 48. a3 Kd4 49. Nf6 Kc3 50. Nxh7 Kxb3 51. Nxg5 Kxa3 52.
Nxf7 a5 53. h4 Nxh4 54. Kg3 Ng6 55. f4 Kb4 56. f5 Ne7 57. Ne5 Ng8 58. Nc6+ Kb5
59. Nxa5 Kxa5 60. e5 1-0

[Event "ENCI Limburg-open A"]
[Site "Maastricht"]
[Date "2010.05.24"]
[Round "6"]
[White "Ocantos, Manuel"]
[Black "Scholzen, Wolfgang"]
[Result "1-0"]
[WhiteElo "2125"]
[BlackElo "2059"]
[PlyCount "93"]
[EventDate "2010.05.21"]
[EventType "swiss"]
[EventRounds "7"]
[EventCountry "NED"]
[Source "P.Boonen"]
[SourceDate "2010.10.01"]

1. e4 d6 2. d4 Nf6 3. Nc3 g6 4. Bc4 Bg7 5. Nf3 O-O 6. e5 Ne8 7. h3 c6 8. O-O
Nc7 9. Bf4 d5 10. Bd3 b6 11. Ne2 c5 12. c3 Ba6 13. Bxa6 Nbxa6 14. Qd2 Ne6 15.
Bh6 Qd7 16. Nh2 cxd4 17. cxd4 Qa4 18. Bxg7 Kxg7 19. b3 Qb4 20. Qd3 Nac7 21. f4
Qb5 22. Qe3 f6 23. exf6+ exf6 24. f5 Ng5 25. Nc3 Qd7 26. fxg6 hxg6 27. Ng4 Rae8
28. Qd2 Nb5 29. Nxb5 Qxb5 30. Nxf6 Nxh3+ 31. gxh3 Rxf6 32. Rxf6 Kxf6 33. Rf1+
Kg7 34. Qf4 Qd7 35. Qf6+ Kh6 36. Qh4+ Kg7 37. Qf6+ Kh6 38. Rf4 Re4 39. Qh8+ Qh7
40. Qxh7+ Kxh7 41. Rxe4 dxe4 42. Kf2 Kg7 43. Ke3 Kf6 44. Kxe4 Ke6 45. h4 a5 46.
a4 Kd6 47. d5 1-0

[Event "ENCI Limburg-open A"]
[Site "Maastricht"]
[Date "2010.05.24"]
[Round "6"]
[White "Oosterman, Maarten Jan"]
[Black "Groot, Simon"]
[Result "1/2-1/2"]
[WhiteElo "1978"]
[BlackElo "2026"]
[PlyCount "87"]
[EventDate "2010.05.21"]
[EventType "swiss"]
[EventRounds "7"]
[EventCountry "NED"]
[Source "P.Boonen"]
[SourceDate "2010.10.01"]

1. e4 c5 2. c3 d5 3. exd5 Qxd5 4. d4 Nc6 5. Nf3 Bg4 6. dxc5 Qxc5 7. Be2 e5 8.
Na3 Nf6 9. Nb5 Qe7 10. O-O a6 11. Qa4 Rd8 12. Na3 h6 13. Re1 Qc7 14. Nxe5 Bxe2
15. Nxc6 Qxc6 16. Rxe2+ Kd7 17. Qb3 Kc8 18. Bf4 Nd5 19. Be5 Bxa3 20. bxa3 Rhe8
21. Re4 b5 22. Rae1 f6 23. Bd4 Rxe4 24. Rxe4 Re8 25. f3 Rxe4 26. fxe4 Ne7 27.
Qc2 Qc4 28. h3 Nc6 29. Qb3 Na5 30. Qb4 Qxb4 31. axb4 Nc4 32. Kf2 Kd7 33. Kf3
Ke6 34. g4 Nd2+ 35. Ke3 Nc4+ 36. Kd3 g6 37. Bc5 Ke5 38. Bd4+ Ke6 39. Bc5 Ke5
40. Bf8 h5 41. gxh5 gxh5 42. Bc5 Nb2+ 43. Ke3 Nc4+ 44. Kd3 1/2-1/2

[Event "ENCI Limburg-open A"]
[Site "Maastricht"]
[Date "2010.05.24"]
[Round "6"]
[White "Pietersma, Menno"]
[Black "Schut, Lisa"]
[Result "0-1"]
[WhiteElo "2225"]
[BlackElo "2267"]
[PlyCount "42"]
[EventDate "2010.05.21"]
[EventType "swiss"]
[EventRounds "7"]
[EventCountry "NED"]
[Source "P.Boonen"]
[SourceDate "2010.10.01"]

1. e4 c5 2. Nc3 d6 3. g3 g6 4. Bg2 Bg7 5. d3 Nc6 6. Be3 e6 7. Qd2 Nd4 8. Nd1
Rb8 9. c3 Nc6 10. f4 Nge7 11. Nf3 O-O 12. g4 f5 13. Nf2 b6 14. h4 d5 15. Qc2
fxg4 16. Nxg4 dxe4 17. dxe4 e5 18. Ngxe5 Nxe5 19. fxe5 Bg4 20. Qb3+ Kh8 21. Ng5
Qd3 0-1

[Event "ENCI Limburg-open A"]
[Site "Maastricht"]
[Date "2010.05.24"]
[Round "6"]
[White "Reymann, Cedric"]
[Black "Friesen, Boris"]
[Result "1/2-1/2"]
[WhiteElo "2144"]
[BlackElo "2080"]
[PlyCount "124"]
[EventDate "2010.05.21"]
[EventType "swiss"]
[EventRounds "7"]
[EventCountry "NED"]
[Source "P.Boonen"]
[SourceDate "2010.10.01"]

1. Nc3 Nf6 2. d4 e6 3. e4 d5 4. Bg5 dxe4 5. Nxe4 Be7 6. Bxf6 Bxf6 7. Nf3 Bd7 8.
Bd3 Bc6 9. c3 Nd7 10. Qb3 O-O 11. O-O Be7 12. Rfe1 Nf6 13. Ne5 Bxe4 14. Bxe4
Nxe4 15. Rxe4 Qd5 16. Ree1 Qxb3 17. axb3 Rfd8 18. Ra5 Rd5 19. Rxd5 exd5 20. Ng6
Bd6 21. Ne7+ Kf8 22. Nxd5 c5 23. dxc5 Bxc5 24. b4 Rd8 25. bxc5 Rxd5 26. b4 Rd3
27. Rc1 Ke7 28. Kf1 Rd5 29. Ra1 a6 30. c6 bxc6 31. Rxa6 Kd6 32. Ke2 Rh5 33. h3
Rg5 34. g3 Re5+ 35. Kd3 Rd5+ 36. Kc4 Rf5 37. Ra2 Kc7 38. h4 Kb6 39. Re2 h6 40.
f4 f6 41. Re4 g5 42. fxg5 fxg5 43. g4 Rf1 44. hxg5 hxg5 45. Kd4 Rf3 46. Ke5 Kb5
47. Kd4 Kb6 48. c4 Rg3 49. b5 cxb5 50. cxb5 Kxb5 51. Re5+ Kc6 52. Rxg5 Kd6 53.
Ke4 Ke6 54. Kf4 Rg1 55. Ra5 Kf6 56. Ra6+ Kg7 57. Kg5 Rb1 58. Ra7+ Kg8 59. Kh6
Rb6+ 60. Kh5 Rc6 61. g5 Rb6 62. Ra5 Rc6 1/2-1/2

[Event "ENCI Limburg-open A"]
[Site "Maastricht"]
[Date "2010.05.24"]
[Round "6"]
[White "Samraoui, Mekki"]
[Black "Meyer, Henri"]
[Result "0-1"]
[WhiteElo "2126"]
[BlackElo "1978"]
[PlyCount "88"]
[EventDate "2010.05.21"]
[EventType "swiss"]
[EventRounds "7"]
[EventCountry "NED"]
[Source "P.Boonen"]
[SourceDate "2010.10.01"]

1. b3 g6 2. Bb2 Nf6 3. f4 d5 4. e3 c5 5. Nf3 Bg7 6. d3 Nc6 7. Ne5 Nxe5 8. Bxe5
Nh5 9. Bxg7 Nxg7 10. Qf3 Qa5+ 11. Nd2 Qc3 12. Rc1 Be6 13. Kd1 O-O-O 14. e4 f5
15. e5 d4 16. Qf2 Bd5 17. Be2 Ne6 18. Rg1 Nc7 19. Qh4 Be6 20. Nc4 b5 21. Qxe7
bxc4 22. Qxc5 cxd3 23. cxd3 Qxc5 24. Rxc5 Kb7 25. g3 Kb6 26. Rc2 Nd5 27. Kd2
Ne3 28. Rcc1 Bd5 29. b4 Rc8 30. a4 Bb3 31. a5+ Kb5 32. Bf3 Kxb4 33. Bb7 Rc2+
34. Rxc2 Bxc2 35. a6 Re8 36. Rc1 Kb3 37. h3 Re7 38. g4 Rc7 39. gxf5 gxf5 40. h4
Rg7 41. h5 h6 42. e6 Kb4 43. Bc8 Rg2+ 44. Ke1 Bxd3 0-1

[Event "ENCI Limburg-open A"]
[Site "Maastricht"]
[Date "2010.05.24"]
[Round "6"]
[White "Schut, Han"]
[Black "Beijerinck, Nick"]
[Result "1-0"]
[WhiteElo "2133"]
[BlackElo "2079"]
[PlyCount "71"]
[EventDate "2010.05.21"]
[EventType "swiss"]
[EventRounds "7"]
[EventCountry "NED"]
[Source "P.Boonen"]
[SourceDate "2010.10.01"]

1. e4 c5 2. Nf3 e6 3. c4 Nc6 4. Nc3 d6 5. d4 cxd4 6. Nxd4 Be7 7. Be3 Nf6 8. Be2
O-O 9. O-O Bd7 10. Rc1 Nxd4 11. Bxd4 Bc6 12. f3 Qd7 13. Qd2 b6 14. Rfd1 Rfd8
15. Bf1 Rac8 16. Qf2 Qb7 17. b4 Qa8 18. a4 Nd7 19. a5 bxa5 20. b5 Bb7 21. Bxa7
Nc5 22. Bb6 Bf6 23. Qa2 Rd7 24. Na4 Nxa4 25. Qxa4 Bd8 26. Bf2 Qb8 27. c5 Ba8
28. c6 Re7 29. Qd4 Kf8 30. h3 Bc7 31. b6 Bxb6 32. Qxb6 Qxb6 33. Bxb6 Rxc6 34.
Rxc6 Bxc6 35. Rxd6 Be8 36. Rd8 1-0

[Event "ENCI Limburg-open A"]
[Site "Maastricht"]
[Date "2010.05.24"]
[Round "6"]
[White "Simenon, Jozef"]
[Black "Memeti, Kastriot"]
[Result "1-0"]
[WhiteElo "2235"]
[BlackElo "2202"]
[PlyCount "75"]
[EventDate "2010.05.21"]
[EventType "swiss"]
[EventRounds "7"]
[EventCountry "NED"]
[Source "P.Boonen"]
[SourceDate "2010.10.01"]

1. g3 Nf6 2. Bg2 d5 3. Nf3 Bf5 4. c4 e6 5. cxd5 exd5 6. Qb3 Nc6 7. Nc3 a6 8. d3
Be7 9. Bg5 Be6 10. Bxf6 Bxf6 11. Qxb7 Ne7 12. Qb4 O-O 13. O-O Nc6 14. Qa4 Qd7
15. Rac1 Rfb8 16. b3 Rb4 17. Qa3 a5 18. Na4 Qd6 19. Rc2 Na7 20. Qc1 Nb5 21. Nc5
Bg4 22. a3 Bxf3 23. Bxf3 Rd4 24. e3 Be7 25. a4 Rb4 26. axb5 Rxb5 27. d4 c6 28.
Qd2 Qf6 29. Be2 Rb4 30. Ra1 Bxc5 31. Rxc5 Rxb3 32. Rcxa5 Rxa5 33. Qxa5 h5 34.
Bxh5 g6 35. Be2 Rb2 36. Qe1 c5 37. dxc5 Kg7 38. Rc1 1-0

[Event "ENCI Limburg-open A"]
[Site "Maastricht"]
[Date "2010.05.24"]
[Round "6"]
[White "Smith, Thijmen"]
[Black "Hovenga, Alje"]
[Result "0-1"]
[WhiteElo "2091"]
[BlackElo "2188"]
[PlyCount "45"]
[EventDate "2010.05.21"]
[EventType "swiss"]
[EventRounds "7"]
[EventCountry "NED"]
[Source "P.Boonen"]
[SourceDate "2010.10.01"]

1. e4 Nc6 2. Nf3 f5 3. exf5 d5 4. d4 Bxf5 5. Bd3 Qd7 6. c3 Nf6 7. O-O O-O-O 8.
Bf4 Bg4 9. Nbd2 e6 10. Qc2 Bxf3 11. Nxf3 Bd6 12. Bxd6 cxd6 13. Rfe1 Kb8 14. Re2
Nh5 15. g3 Rdf8 16. Nd2 e5 17. dxe5 Nxe5 18. f4 Rxf4 19. Rxe5 dxe5 20. gxf4
Nxf4 21. Bf1 Rf8 22. Qd1 Rf6 23. Qh5 0-1

[Event "ENCI Limburg-open A"]
[Site "Maastricht"]
[Date "2010.05.24"]
[Round "6"]
[White "Sprangers, Remco"]
[Black "Bijlsma, Nick"]
[Result "1/2-1/2"]
[WhiteElo "2287"]
[BlackElo "2125"]
[PlyCount "120"]
[EventDate "2010.05.21"]
[EventType "swiss"]
[EventRounds "7"]
[EventCountry "NED"]
[Source "P.Boonen"]
[SourceDate "2010.10.01"]

1. e4 c5 2. Nf3 d6 3. d4 cxd4 4. Nxd4 Nf6 5. Nc3 Nc6 6. Bg5 Bd7 7. Qd2 Rc8 8.
Be2 Nxd4 9. Qxd4 Qa5 10. Be3 a6 11. O-O e5 12. Qd3 Be6 13. Bd2 Qc5 14. Qg3 h5
15. h3 h4 16. Qf3 Be7 17. Rfd1 b5 18. Be3 Qb4 19. Bd2 Qc5 20. Be3 Qb4 21. Rab1
Rxc3 22. bxc3 Qxe4 23. a4 O-O 24. axb5 axb5 25. Rxb5 Rc8 26. Rb7 Bf8 27. Bg5
Bd5 28. Qxe4 Nxe4 29. Rxd5 Nxg5 30. Ra5 Rxc3 31. Ra8 g6 32. Bb5 Rxc2 33. Rbb8
Nh7 34. Ra7 d5 35. Be8 Ng5 36. Bxf7+ Nxf7 37. Raa8 Kg7 38. Rxf8 Rc1+ 39. Kh2
Rc7 40. Rfb8 Rd7 41. Kg1 Rd6 42. Ra7 Rf6 43. Re8 Rf5 44. Re6 d4 45. Rd7 Kh6 46.
Kf1 Ng5 47. Re8 Ne4 48. f3 Kg5 49. Rdd8 Nf6 50. Re6 e4 51. Kf2 e3+ 52. Kf1 Nd5
53. Re4 d3 54. Rd4 Nf4 55. Rxf4 Kxf4 56. Rxd3 e2+ 57. Kxe2 Kg3 58. Rd4 Kxg2 59.
Rg4+ Kxh3 60. Rxg6 Kh2 1/2-1/2

[Event "ENCI Limburg-open A"]
[Site "Maastricht"]
[Date "2010.05.24"]
[Round "6"]
[White "Swinkels, Robin"]
[Black "Timmermans, Ivo"]
[Result "1/2-1/2"]
[WhiteElo "2493"]
[BlackElo "2216"]
[PlyCount "130"]
[EventDate "2010.05.21"]
[EventType "swiss"]
[EventRounds "7"]
[EventCountry "NED"]
[Source "P.Boonen"]
[SourceDate "2010.10.01"]

1. d4 d5 2. c4 c6 3. Nf3 Nf6 4. e3 Bf5 5. Nc3 e6 6. Nh4 Be4 7. f3 Bg6 8. Qb3
Qb6 9. Nxg6 hxg6 10. Bd2 Nbd7 11. Be2 Bd6 12. f4 Qxb3 13. axb3 Bb4 14. Nb1 Be7
15. c5 Ne4 16. O-O O-O 17. b4 a6 18. g4 f5 19. g5 Kf7 20. Be1 Rac8 21. h4 Nb8
22. Nc3 Rh8 23. Kg2 Rh7 24. Na2 Rch8 25. Nc1 Bd8 26. Nb3 Re8 27. Rh1 Ke7 28.
Bg3 Rg8 29. Rh2 Rgh8 30. Rah1 Ke8 31. Ra1 Kd7 32. Rc1 Bc7 33. Rb1 Bd8 34. Ra1
Bc7 35. Rb1 Bd8 36. Rc1 Bc7 37. Rd1 Bd8 38. Re1 Bc7 39. Rf1 Bd8 40. Rg1 Bc7 41.
Rgh1 Ke8 42. Be1 Bd8 43. Nc1 Kf7 44. Na2 Ke8 45. Nc3 Bc7 46. Nxe4 dxe4 47. h5
gxh5 48. Bxh5+ Kf8 49. Rh4 Nd7 50. Be8 Rxh4 51. Rxh4 Rxh4 52. Bxd7 Rh8 53. Bxe6
g6 54. Bc8 Rh7 55. Bc3 Bb8 56. Kf1 Re7 57. Ke2 Ke8 58. d5 cxd5 59. Bf6 Rh7 60.
Be6 Rh2+ 61. Kd1 Bc7 62. Bxd5 b6 63. Bc6+ Kf7 64. Bd5+ Ke8 65. Bc6+ Kf7 1/2-1/2

[Event "ENCI Limburg-open A"]
[Site "Maastricht"]
[Date "2010.05.24"]
[Round "6"]
[White "Van Vliet, Dennis"]
[Black "Iosif Hoellenriegel, Daniela"]
[Result "0-1"]
[WhiteElo "2104"]
[BlackElo "1996"]
[PlyCount "124"]
[EventDate "2010.05.21"]
[EventType "swiss"]
[EventRounds "7"]
[EventCountry "NED"]
[Source "P.Boonen"]
[SourceDate "2010.10.01"]

1. d4 d5 2. c4 e6 3. Nc3 Nf6 4. Bg5 Be7 5. cxd5 Nxd5 6. Bxe7 Qxe7 7. Rc1 Nxc3
8. Rxc3 c6 9. Nf3 Nd7 10. e4 O-O 11. Bc4 b5 12. Bd3 Bb7 13. O-O b4 14. Rc1 c5
15. Qe2 Rfc8 16. Qe3 cxd4 17. Nxd4 Nc5 18. Bb1 g6 19. e5 Bd5 20. f4 Na4 21. Qf2
Qb7 22. Rxc8+ Rxc8 23. f5 exf5 24. Nxf5 gxf5 25. Qxf5 Qb6+ 26. Kh1 Bxg2+ 27.
Kxg2 Qg6+ 28. Kf3 Rc5 29. Rf2 Qxf5+ 30. Bxf5 Rxe5 31. Rg2+ Kf8 32. Bxh7 a5 33.
h4 Rh5 34. Be4 Rxh4 35. Rg5 Nxb2 36. Rxa5 Nc4 37. Ra8+ Kg7 38. Bc2 Ne5+ 39. Kg3
Rg4+ 40. Kh3 Rd4 41. Ra5 f6 42. Rb5 Kh6 43. Rb7 Kg5 44. Rg7+ Kf4 45. Rh7 Nf3
46. Re7 f5 47. Rb7 Ng1+ 48. Kh4 Ke3+ 49. Kg5 f4 50. Re7+ Kd2 51. Ba4 f3 52. Bc6
Nh3+ 53. Kf5 f2 54. Bg2 Rf4+ 55. Ke5 f1=Q 56. Bxf1 Rxf1 57. Kd4 Rf4+ 58. Kc5
Nf2 59. Kb5 Nd3 60. Ka4 Kc3 61. Re2 b3+ 62. Ka3 Rf8 0-1

[Event "ENCI Limburg-open A"]
[Site "Maastricht"]
[Date "2010.05.24"]
[Round "6"]
[White "Van der Heijden, Alan"]
[Black "Van Gool, Henk"]
[Result "1-0"]
[WhiteElo "2235"]
[BlackElo "2161"]
[PlyCount "93"]
[EventDate "2010.05.21"]
[EventType "swiss"]
[EventRounds "7"]
[EventCountry "NED"]
[Source "P.Boonen"]
[SourceDate "2010.10.01"]

1. e4 c5 2. Ne2 d6 3. g3 Nf6 4. Bg2 g6 5. b3 Bg7 6. Bb2 Nc6 7. O-O O-O 8. d4
Nd7 9. c3 e5 10. dxc5 dxc5 11. Na3 Nb6 12. Nb5 a6 13. Nd6 Qc7 14. Nxc8 Raxc8
15. Qd2 Rfd8 16. Qe3 c4 17. Rfd1 Na5 18. b4 Nc6 19. Bh3 Rb8 20. a4 Rxd1+ 21.
Rxd1 Nxa4 22. Rd7 Qc8 23. Bc1 b5 24. Qf3 Qe8 25. Bg5 Nd8 26. Re7 Qf8 27. Bd7
Nb7 28. Bc6 Nd6 29. Ra7 f6 30. Bd5+ Kh8 31. Be3 Qc8 32. Bh6 Nb7 33. Bxg7+ Kxg7
34. Rxa6 Qd8 35. Ra7 Qc7 36. Qe3 Kh8 37. Qh6 Qd8 38. Rxb7 Rxb7 39. Bxb7 Nb6 40.
Kg2 Kg8 41. Qe3 Qc7 42. Bd5+ Kf8 43. h4 Ke7 44. h5 Qd6 45. Bg8 Nd7 46. Bxh7
gxh5 47. Bf5 1-0

[Event "ENCI Limburg-open A"]
[Site "Maastricht"]
[Date "2010.05.24"]
[Round "6"]
[White "Vandenbergen, Nicolas"]
[Black "Vrancken, Gilbert"]
[Result "0-1"]
[WhiteElo "2098"]
[BlackElo "2165"]
[PlyCount "42"]
[EventDate "2010.05.21"]
[EventType "swiss"]
[EventRounds "7"]
[EventCountry "NED"]
[Source "P.Boonen"]
[SourceDate "2010.10.01"]

1. d4 Nf6 2. c4 e5 3. dxe5 Ng4 4. Bf4 g5 5. Bd2 Nc6 6. e3 Ngxe5 7. Be2 Bg7 8.
Bc3 Rg8 9. Nf3 d6 10. O-O g4 11. Nd4 Qh4 12. Nd2 Bd7 13. g3 Qg5 14. b4 h5 15.
c5 h4 16. cxd6 hxg3 17. Rc1 Qh6 18. fxg3 Qxe3+ 19. Rf2 Nxd4 20. Nc4 Nxe2+ 21.
Qxe2 Qxc1+ 0-1

[Event "ENCI Limburg-open A"]
[Site "Maastricht"]
[Date "2010.05.24"]
[Round "6"]
[White "Verstraeten, Reinaert"]
[Black "Roos, Adrian"]
[Result "0-1"]
[WhiteElo "2007"]
[BlackElo "2098"]
[PlyCount "104"]
[EventDate "2010.05.21"]
[EventType "swiss"]
[EventRounds "7"]
[EventCountry "NED"]
[Source "P.Boonen"]
[SourceDate "2010.10.01"]

1. e4 c5 2. Nf3 d6 3. d4 cxd4 4. Nxd4 Nf6 5. Nc3 Nc6 6. Be2 e6 7. O-O a6 8. a4
Be7 9. Be3 Qc7 10. f4 Bd7 11. Nb3 Na5 12. Nxa5 Qxa5 13. Bf3 Bc6 14. Qd2 Rc8 15.
b4 Qc7 16. b5 Bd7 17. Bd4 e5 18. b6 Qb8 19. Be3 O-O 20. Nd5 Nxd5 21. exd5 exf4
22. Bxf4 Bf5 23. Ra2 Bf6 24. Qb4 Rfd8 25. c4 Bd4+ 26. Kh1 Bc5 27. Qb3 Re8 28.
a5 Rcd8 29. h3 Rd7 30. Qc3 Qd8 31. g4 Be4 32. Kg2 Rde7 33. Bg5 f6 34. Bf4 Bxf3+
35. Qxf3 Re4 36. Qd3 Qe7 37. Rc2 Qd7 38. Qb3 h5 39. Qf3 Qa4 40. Qc3 hxg4 41.
hxg4 g5 42. Bg3 Rxg4 43. Rf3 Bd4 44. Qd3 Kg7 45. Re2 Rxe2+ 46. Qxe2 Be5 47. Kh3
Rxc4 48. Bxe5 dxe5 49. Rg3 Qd7+ 50. Kh2 Rh4+ 51. Kg1 Qxd5 52. Rg2 Qd4+ 0-1

[Event "ENCI Limburg-open A"]
[Site "Maastricht"]
[Date "2010.05.24"]
[Round "6"]
[White "Vogel, Jaap"]
[Black "Schleipfenbauer, Frank"]
[Result "1/2-1/2"]
[WhiteElo "2210"]
[BlackElo "2110"]
[PlyCount "82"]
[EventDate "2010.05.21"]
[EventType "swiss"]
[EventRounds "7"]
[EventCountry "NED"]
[Source "P.Boonen"]
[SourceDate "2010.10.01"]

1. Nf3 Nf6 2. g3 g6 3. Bg2 d6 4. d4 Bg7 5. O-O O-O 6. c4 c6 7. Nc3 Nbd7 8. e4
e5 9. h3 a5 10. Be3 exd4 11. Nxd4 Re8 12. Re1 Nc5 13. Qc2 Qe7 14. Rad1 Be6 15.
Nxe6 Qxe6 16. b3 Rad8 17. Bf4 Nh5 18. Bg5 Rd7 19. g4 h6 20. Be3 Nf6 21. Bd2 g5
22. a3 Nh7 23. b4 axb4 24. axb4 Na6 25. Nd5 Be5 26. Ne3 Qg6 27. Bc3 Nf8 28. Nf5
Nc7 29. c5 Nb5 30. Bxe5 dxe5 31. Rxd7 Nxd7 32. Rd1 Nf8 33. Bf1 Nd4 34. Nxd4
exd4 35. Rxd4 Ne6 36. Rd7 Nf4 37. f3 Qg7 38. Qd2 Qe5 39. Qa2 Re6 40. Rd8+ Kg7
41. Qd2 Rf6 1/2-1/2

[Event "ENCI Limburg-open A"]
[Site "Maastricht"]
[Date "2010.05.24"]
[Round "6"]
[White "Wiley, Tom E"]
[Black "Ten Hagen, Yorick"]
[Result "1/2-1/2"]
[WhiteElo "2281"]
[BlackElo "2215"]
[PlyCount "89"]
[EventDate "2010.05.21"]
[EventType "swiss"]
[EventRounds "7"]
[EventCountry "NED"]
[Source "P.Boonen"]
[SourceDate "2010.10.01"]

1. d4 Nf6 2. c4 e6 3. Nc3 Bb4 4. Qc2 Nc6 5. Nf3 d6 6. a3 Bxc3+ 7. Qxc3 Qe7 8.
b4 O-O 9. Bb2 Re8 10. e3 e5 11. d5 Nb8 12. Be2 Nbd7 13. Nd2 Nf8 14. e4 c6 15.
O-O Ng6 16. g3 Bh3 17. Rfe1 Rec8 18. Qb3 Rf8 19. f3 h5 20. Bf1 Bd7 21. Bg2 h4
22. Nf1 Rac8 23. Bc1 cxd5 24. cxd5 Nh5 25. Be3 Bb5 26. g4 Nhf4 27. h3 Bd3 28.
Bxf4 Nxf4 29. Ne3 Qg5 30. Rad1 Ne2+ 31. Kf2 Rc3 32. Qb2 Rfc8 33. Rxd3 Rxd3 34.
Rxe2 Rcc3 35. Nf1 Qd8 36. Kg1 Qb6+ 37. Kh2 Qd4 38. Rc2 Rxc2 39. Qxc2 Rc3 40.
Qa4 Rc8 41. Qd7 Rc2 42. Qe8+ Kh7 43. Qxf7 Qf2 44. Qh5+ Kg8 45. Qe8+ 1/2-1/2